Guess the K-Drama - Statistics

General Stats
  • This quiz has been taken 433 times
  • The average score is 3 of 9
Answer Stats
Hint Answer % Correct
F4 Boys Over Flowers
80%
Jun Ji-Hyun as a mermaid The legend of the blue sea
67%
people with this syndrome starts hiccupping when they lie Pinocchio
51%
time-travel to solve the murder case of the Crown Princess,rooftop apartment Rooftop Prince
30%
Kirin Art High School Dream High
25%
alien who landed on Earth 400 years ago falls in love with a clumsy actress My Love from another star
24%
Based on the Japanese manga Itazura Na Kiss Playfull Kiss
17%
furniture designer lives together with an architect under the mistaken assumption that he's gay Personal taste
16%
modern-day plastic surgeon is kidnapped and travels back in time,falls in love with her kidnapper, a warrior who is the leader of the royal guard Faith
9%
No matching quizzes found
Score Distribution
Percent of People with Each Score
Percentile by Number Answered
Your Score History
You have not taken this quiz